| 000 | 00398nam a2200145Ia 4500 | ||
|---|---|---|---|
| 008 | 230917s9999||||xx |||||||||||||| ||und|| | ||
| 040 |
_e85115 _aMAIN |
||
| 041 | _aEnglish | ||
| 082 | _a372 R137U | ||
| 100 | _aRajput, J S | ||
| 245 | 0 | _aUniversalisation of elementary education: Role of teachers education | |
| 260 |
_aNew Delhi _bVikas Publications _c1994 |
||
| 300 | _axvi, 324 p. | ||
| 942 | _cBK | ||
| 999 |
_c82799 _d82799 |
||